| 000 -LEADER |
| fixed length control field |
02630cam a22003974a 4500 |
| 001 - CONTROL NUMBER |
| control field |
6271264 |
| 003 - CONTROL NUMBER IDENTIFIER |
| control field |
OSt |
| 005 - DATE AND TIME OF LATEST TRANSACTION |
| control field |
20210806113817.0 |
| 008 - FIXED-LENGTH DATA ELEMENTS--GENERAL INFORMATION |
| fixed length control field |
070807s2008 njua b 001 0 eng |
| 010 ## - LIBRARY OF CONGRESS CONTROL NUMBER |
| LC control number |
2007026764 |
| 020 ## - INTERNATIONAL STANDARD BOOK NUMBER |
| International Standard Book Number |
8131704408 |
| 035 ## - SYSTEM CONTROL NUMBER |
| System control number |
(OCoLC)ocn145944460 |
| 035 ## - SYSTEM CONTROL NUMBER |
| System control number |
(OCoLC)145944460 |
| 035 ## - SYSTEM CONTROL NUMBER |
| System control number |
(NNC)6271264 |
| 038 ## - RECORD CONTENT LICENSOR |
| Staff Name |
khadija |
| 040 ## - CATALOGING SOURCE |
| Original cataloging agency |
DLC |
| Transcribing agency |
DLC |
| Modifying agency |
BAKER |
| -- |
C#P |
| -- |
YDXCP |
| -- |
OrLoB-B |
| 050 00 - LIBRARY OF CONGRESS CALL NUMBER |
| Classification number |
QA76.73.C153 |
| Item number |
D45 2008 |
| 082 00 - DEWEY DECIMAL CLASSIFICATION NUMBER |
| Classification number |
005.133 |
| Edition number |
22 |
| Author Mark |
DEI |
| 100 1# - MAIN ENTRY--PERSONAL NAME |
| Personal name |
Deitel |
| 9 (RLIN) |
81307 |
| 245 10 - TITLE STATEMENT |
| Title |
C++ How to Program \ |
| Statement of responsibility, etc. |
P.J. Deitel, H.M. Deitel. |
| 250 ## - EDITION STATEMENT |
| Edition statement |
5th ed. |
| 260 ## - PUBLICATION, DISTRIBUTION, ETC. |
| Place of publication, distribution, etc. |
India |
| Name of publisher, distributor, etc. |
Pearson Prentice Hall, |
| Date of publication, distribution, etc. |
c2006. |
| 300 ## - PHYSICAL DESCRIPTION |
| Extent |
xlix, 1429 p. : |
| Other physical details |
ill. (some col.) ; |
| Dimensions |
24 cm. + |
| Accompanying material |
1 CD-ROM (4 3/4 in.). |
| 490 1# - SERIES STATEMENT |
| Series statement |
How to program series |
| 500 ## - GENERAL NOTE |
| General note |
Previous ed.: H.M. Deitel's name appeared first on t.p. |
| 504 ## - BIBLIOGRAPHY, ETC. NOTE |
| Bibliography, etc. note |
Includes bibliographical references (p. [1390]-1395) and index. |
| 505 00 - FORMATTED CONTENTS NOTE |
| Miscellaneous information |
1. |
| Title |
Introduction to computers, the Internet and the World Wide Web -- |
| Miscellaneous information |
2. |
| Title |
Introduction to C++ programming -- |
| Miscellaneous information |
3. |
| Title |
Introduction to classes and objects -- |
| Miscellaneous information |
4. |
| Title |
Control statements : part 1 -- |
| Miscellaneous information |
5. |
| Title |
Control statements : part 2 -- |
| Miscellaneous information |
6. |
| Title |
Functions and an introduction to recursion -- |
| Miscellaneous information |
7. |
| Title |
Arrays and vectors -- |
| Miscellaneous information |
8. |
| Title |
Pointers and pointer-based strings -- |
| Miscellaneous information |
9. |
| Title |
Classes : a deeper look, part 1 -- |
| Miscellaneous information |
10. |
| Title |
Classes : a deeper look, part 2 -- |
| Miscellaneous information |
11. |
| Title |
Operator overloading; string and array objects -- |
| Miscellaneous information |
12. |
| Title |
Object-oriented programming : inheritance -- |
| Miscellaneous information |
13. |
| Title |
Object-oriented programming : polymorphism -- |
| Miscellaneous information |
14. |
| Title |
Templates -- |
| Miscellaneous information |
15. |
| Title |
Stream input/output -- |
| Miscellaneous information |
16. |
| Title |
Exception handling -- |
| Miscellaneous information |
17. |
| Title |
File processing -- |
| Miscellaneous information |
18. |
| Title |
Class string and string stream processing -- |
| Miscellaneous information |
19. |
| Title |
Searching and sorting -- |
| Miscellaneous information |
20. |
| Title |
Data structures -- |
| Miscellaneous information |
21. |
| Title |
Bits, characters, C strings and structs -- |
| Miscellaneous information |
22. |
| Title |
Standard template library (STL) -- |
| Miscellaneous information |
23. |
| Title |
Game programming with Ogre -- |
| Miscellaneous information |
24. |
| Title |
Boost libraries, technical report I and C++0x -- |
| Miscellaneous information |
25. |
| Title |
Other topics -- |
| Miscellaneous information |
A. |
| Title |
Operator precedence and associativity chart -- |
| Miscellaneous information |
B. |
| Title |
ASCII character set -- |
| Miscellaneous information |
C. |
| Title |
Fundamental types -- |
| Miscellaneous information |
D. |
| Title |
Number systems -- |
| Miscellaneous information |
E. |
| Title |
C legacy code topics -- |
| Miscellaneous information |
F. |
| Title |
Preprocessor -- |
| Miscellaneous information |
G. |
| Title |
ATM case study code -- |
| Miscellaneous information |
H. |
| Title |
UML 2 : additional diagram types -- |
| Miscellaneous information |
I. |
| Title |
Using the Visual Studio Debugger -- |
| Miscellaneous information |
J. |
| Title |
Using the GNU C++ Debugger. |
| 563 ## - BINDING INFORMATION |
| Binding note |
paper back |
| 650 #0 - SUBJECT ADDED ENTRY--TOPICAL TERM |
| Topical term or geographic name entry element |
C++ (Computer program language) |
| 9 (RLIN) |
1810 |
| 700 1# - ADDED ENTRY--PERSONAL NAME |
| Personal name |
Deitel, Harvey M., |
| Dates associated with a name |
1945- |
| 9 (RLIN) |
17972 |
| 700 1# - ADDED ENTRY--PERSONAL NAME |
| Personal name |
Deitel, Harvey M., |
| Dates associated with a name |
1945- |
| Title of a work |
C++ how to program. |
| 9 (RLIN) |
81308 |
| 830 #0 - SERIES ADDED ENTRY--UNIFORM TITLE |
| Uniform title |
How to program series. |
| 9 (RLIN) |
17973 |
| 900 ## - EQUIVALENCE OR CROSS-REFERENCE-PERSONAL NAME [LOCAL, CANADA] |
| Numeration |
TOC |
| 942 ## - ADDED ENTRY ELEMENTS (KOHA) |
| Source of classification or shelving scheme |
|
| Koha item type |
Book |
| 948 1# - LOCAL PROCESSING INFORMATION (OCLC); SERIES PART DESIGNATOR (RLIN) |
| Series part designator, SPT (RLIN) |
20070918 |
| b (OCLC) |
c |
| c (OCLC) |
sds12 |
| d (OCLC) |
MPS |